Noches en la isla / (Registro nro. 8519)

Detalles MARC
000 -LEADER
fixed length control field 01114nam a22003137a 4500
003 - CONTROL NUMBER IDENTIFIER
control field DO-SdBNP
005 - DATE AND TIME OF LATEST TRANSACTION
control field 20180201142636.0
008 - FIXED-LENGTH DATA ELEMENTS--GENERAL INFORMATION
fixed length control field 151103b sp 1987 ||||| |||| 00| 0 spa d
020 ## - INTERNATIONAL STANDARD BOOK NUMBER
International Standard Book Number 8475254527
040 ## - CATALOGING SOURCE
Original cataloging agency BPMSU
Language of cataloging spa
Transcribing agency BPMSU
041 17 - LANGUAGE CODE
Language code of text/sound track or separate title spa
Language code of original eng
100 10 - MAIN ENTRY--PERSONAL NAME
Personal name Stevenson, Robert Louis,
Dates associated with a name 1850-1894
240 10 - UNIFORM TITLE
Uniform title <a href="Island nights' entertainments.">Island nights' entertainments.</a>
Language of a work Español
245 10 - TITLE STATEMENT
Title Noches en la isla /
Statement of responsibility, etc. Robert Louis Stevenson ; traducción, María Eugenia Santidrián ; apéndice, Mariano Navarro ; ilustración, Lorenzo Jalón.
260 ## - PUBLICATION, DISTRIBUTION, ETC. (IMPRINT)
Place of publication, distribution, etc. Madrid, España :
Name of publisher, distributor, etc. Anaya,
Date of publication, distribution, etc. 1987.
300 ## - PHYSICAL DESCRIPTION
Extent 205 p. :
Materials specified il.,
Dimensions 20 cm.
490 1# - SERIES STATEMENT
Series statement Tus libros
490 1# - SERIES STATEMENT
Series statement Aventuras
Volume/sequential designation 77
504 ## - BIBLIOGRAPHY, ETC. NOTE
Bibliography, etc Incluye notas y referencias bibliográficas al pie de las páginas
504 ## - BIBLIOGRAPHY, ETC. NOTE
Bibliography, etc Bibliografías : p. 204-205
505 0# - FORMATTED CONTENTS NOTE
Title La playa de Falesá --
-- El diablo embotellado --
-- La isla de las voces.
700 10 - ADDED ENTRY--PERSONAL NAME
Personal name Santidrián, María Eugenia,
Dates associated with a name tr.
700 10 - ADDED ENTRY--PERSONAL NAME
Personal name Jalón, Lorenzo,
Dates associated with a name il.
830 #0 - SERIES ADDED ENTRY--UNIFORM TITLE
Uniform title Tus libros
830 #0 - SERIES ADDED ENTRY--UNIFORM TITLE
Uniform title Aventuras
Number of part/section of a work 77
942 ## - ADDED ENTRY ELEMENTS (KOHA)
Source of classification or shelving scheme Dewey Decimal Classification
Koha item type Libros
945 ## - LOCAL PROCESSING INFORMATION (OCLC)
a Inventariado, 2018 /LP
956 ## - LOCAL ELECTRONIC LOCATION AND ACCESS (OCLC)
Host name LOPEREZ
Access number 10
Existencias
Withdrawn status Lost status Source of classification or shelving scheme Damaged status Not for loan Collection code Home library Current library Date acquired Source of acquisition Total Checkouts Barcode Date last seen Price effective from Koha item type
    Dewey Decimal Classification     Colección General Biblioteca Pública Metropolitana Salomé Ureña Biblioteca Pública Metropolitana Salomé Ureña 11/03/2015 FUNDI   BPMSU15110020 11/03/2015 11/03/2015 Libros